| 000 | 00430cam a22001691 4500 | ||
|---|---|---|---|
| 020 | _a0471544752 | ||
| 040 | _cDLC | ||
| 082 | 0 | 0 | _a551 WIL 1969 A008 Or. |
| 100 | 1 | _aLongwell, Chester R. | |
| 245 | 1 | 0 | _aPhysical geology |
| 260 |
_aNew York, _bWiley _c[1969] |
||
| 300 |
_a685 p. _billus., maps. _c27 cm. |
||
| 650 | 0 | _aPhysical geology. | |
| 700 | 1 | _aFlint, Richard Foster, | |
| 700 | 1 | _aSanders, John Essington, | |
| 942 | _cEK | ||
| 999 |
_c17111 _d17111 |
||